00606nam a22002057a 450000500170000001000240001702000260004103500170006703500130008403500130009703700190011003700130012908200100014210000180015224501090017026000310027927000520031030000210036270000170038320180305111809.0 a1516EN07 ENG-116394 a9788129136848c295.00 aB-605345-370 aEN-99926 aB-664960 adplbUppal/Ven bDBAD/PUB a915.4 aLang, Johndl aWanderings in India and other sketches of life in, Hindostan/cby John Lang; introduction by Ruskin Bond aNew DelhibRupa Pub.c2015 a7/16, Ansari Road, DaryaganjbNew Delhie110002 a436p.c17cm(pbk) aBond, Ruskin